000 00598nam a2200241Ia 4500
001 9218
005 20240113234155.0
007 ta
008 170602s1954 ii a g b000 u 423 u
040 _aCotton College Assam
041 _a891
082 _a891.553
_bB 989 N
100 _aAlawi, Buzurg.
245 0 _aNameh-ha /
_cBuzurg Alawi.
_hTextual Documents
250 _a1st ed /
260 _aTehran :
_bSn ,
_c1954.
300 _bill. ;
_c22cm. .
500 _aPersian Language
653 _aPersian short stories
942 _2ddc
_cBK
999 _c9205
_d9205